Resistance welding : theory and use ...

Bibliographic Details
Corporate Author: American Welding Society. Resistance Welding Committee
Format: Book
Language:English
Published: New York : Reinhold, 1956.
Subjects:

MARC

Tag First Indicator Second Indicator Subfields
LEADER 00000cam a2200000 4500
001 in00000095767
005 20150925085642.0
008 750404s1956 eng u
010 |a  56009808  
035 |a (OCoLC)01252036 
035 |9 AAL1985AM 
040 |c TLM  |d TXA  |d UtOrBLW 
049 |a TXAM  |c [281298] 
090 |a TK4660  |b .A643 
110 2 |a American Welding Society.  |b Resistance Welding Committee. 
245 1 0 |a Resistance welding :  |b theory and use ... 
264 1 |a New York :  |b Reinhold,  |c 1956. 
300 |a 163 pages 
336 |a text  |b txt  |2 rdacontent 
337 |a unmediated  |b n  |2 rdamedia 
338 |a volume  |b nc  |2 rdacarrier 
504 |a Includes bibliographies. 
650 0 |a Electric welding. 
999 |a MARS 
999 f f |s 2845012e-ae68-3115-9e80-f23b1f54d679  |i 0eff4013-20f1-3cdc-995f-48e119aaa492  |t 0 
952 f f |p normal  |a Texas A&M University  |b College Station  |c Sterling C. Evans Library  |d Evans: Library Stacks  |t 0  |e TK4660 .A643  |h Library of Congress classification  |i unmediated -- volume  |m A14805478174 
998 f f |a TK4660 .A643  |t 0  |l Evans: Library Stacks